Every Gaa Club in Cork (Carbery) - Statistics

General Stats
  • This quiz has been taken 3 times
  • The average score is 17 of 27
Answer Stats
Hint Answer % Correct
IAHC / IAFC Bandon
100%
JAHC / PIFC Bantry Blues
100%
PJHC / JAFC Barryroe
100%
SAFC Carbery Rangers
100%
PSFC Castlehaven
100%
JAHC / PSFC Clonakilty
100%
IAHC / JAFC Kilbrittain
100%
PSHC / PSFC Newcestown
100%
JBHC / SAFC O'Donovan Rossa
100%
PJHC / JAFC Argideen Rangers
67%
JAHC /JAFC Ballinascarthy
67%
IAFC Ilen Rovers
67%
JAFC Kilmacabea
67%
JAHC / JAFC St James
67%
JAHC / JAFC St Oliver Plunketts
67%
JAFC Tadhg MacCarthaigh
67%
JBFC Clann na nGael
33%
JAHC / JAFC Diarmuid Ó Mathúnas
33%
JAHC / SAFC Dohenys
33%
JBHC / IAFC Gabriel Rangers
33%
JAFC Goleen
33%
JAHC Kilbree
33%
JAFC Kilmeen
33%
JBFC Muintir Bhaire
33%
JAHC / JAFC Randal Óg
33%
JAHC / JAFC St Colums
33%
JAHC / JAFC St Marys
33%
No matching quizzes found
Score Distribution
Percent of People with Each Score
Percentile by Number Answered
Your Score History
You have not taken this quiz